00333nam a2200121Ia 4500008004100000041000800041082001600049100001100065245006600076260003300142300001900175999001700194241015s9999 xx 000 0 und d aeng a658.872 BHA aBhatia aSocial Media and Mobile Marketing: Includes Online Worksheets bWiley IndiaaNew Delhic2019 a272;. P. 23 cm c41865d41865